000
00208 a2200097 4500
001
20132
100
_a
Cairn cross
245
_a
Factors in eco development
260
_a
_b
G A U Ltd
_c
090
_c
14726
_d
14726
942
_a
NUST-CAE
_c
M
_c
5254
999
_c
255205
_d
255205